Statistics for Nato Members

Click here to take the quiz!

General Stats

  • This quiz has been taken 27 times
  • The average score is 27 of 30

Answer Stats

Answer% Correct
Next to Netherlandsbelgium
96%
Napoleon is from that countryfrance
96%
Made Vodkapoland
96%
Madrid is the capitalspain
96%
Has a queenunited kingdom
96%
2.8m population (Balkan)albania
92%
Next to black seabulgaria
92%
second biggest countrycanada
92%
Blocks bosnia from watercroatia
92%
Nordic countrydenmark
92%
Baltic countryestonia
92%
They belive in zeusgreece
92%
Is a part of Austria-Hungaryhungary
92%
Invaded Pizzaitaly
92%
Egils Levits is the presidentlatvia
92%
Polish and ......... commonhealthlithuania
92%
Has luxembourg as a capitalluxembourg
92%
Owns Svalbradnorway
92%
Slavic country next to polandslovakia
92%
The language is sloveneslovenia
92%
The only arab countryturkey
92%
The capital is Pragueczechia
88%
Popular for ww2 and ww1germany
88%
Is an island and very aloneiceland
88%
Very flat countrynetherlands
88%
Have a border with one countryportugal
88%
Biggest balkan countryromania
88%
Military rank No.1usa
88%
Mace.....macedonia
84%
less population than 1mmontenegro
68%

Score Distribution

Percentile by Number Answered

Percent of People with Each Score

Your Score History

You have not taken this quiz